Notas ampuritanas : 3 3
Descripción Física:
p. 307-318 : il. ; 27 cm
MARC
| LEADER | 00000nam a2200000Ia 4500 | ||
|---|---|---|---|
| 001 | 7938 | ||
| 008 | 160829s1970] xx 000 0 cat d | ||
| 080 | |a FU-16-14 | ||
| 245 | |a Notas ampuritanas : |b 3 | ||
| 260 | |a [Barcelona : |b (Imp. Escola C. P. Caridad), |c 1970] | ||
| 300 | |a p. 307-318 : |b il. ; |c 27 cm | ||
| 590 | |a Conté: Análisis espectrográficos de asas de jarras de bronce de Ampurias, Ensérune y Tayadirt (Marruecos) / G. Souville. Nota antropológica a la inhumación Bonjoan nº X de Ampurias / F. Martí Jusmet. | ||
| 590 | |a Separata d'Ampurias ; 31-32 | ||
| 650 | |a Bronzes |x Empúries (Ciutat antiga) |9 33300 | ||
| 650 | |a Bronzes |x Ensérune (França) |9 33301 | ||
| 650 | |a Bronzes |x Tayadirt (Marroc) I |9 33302 | ||
| 650 | |a Antropologia |x Empúries (Ciutat antiga) |9 33303 | ||
| 650 | |a Bonjoan |x Tombes |x Empúries (Ciutat antiga) |9 33304 | ||
| 700 | |a Souville, Georges |9 33305 | ||
| 700 | 1 | |a Martí i Jusmet, Francesc, |d 1946- |9 33117 | |
| 901 | |a Arxiu | ||
| 942 | |n 1 | ||
| 952 | |0 0 |1 0 |4 0 |6 FU1614 |7 1 |9 46260 |a Arxiu |b Arxiu |d 2016-12-01 |l 0 |o FU-16-14 |p 7938 |r 2016-12-01 00:00:00 |w 2016-12-01 |y ARXIU | ||
| 999 | |c 49762 |d 49762 | ||